<?xml version="1.0" encoding="UTF-8"?><?xml-stylesheet type="text/xsl" href="static/style.xsl"?><OAI-PMH xmlns="http://www.openarchives.org/OAI/2.0/" xmlns:xsi="http://www.w3.org/2001/XMLSchema-instance" xsi:schemaLocation="http://www.openarchives.org/OAI/2.0/ http://www.openarchives.org/OAI/2.0/OAI-PMH.xsd"><responseDate>2026-06-29T22:59:38Z</responseDate><request verb="GetRecord" identifier="oai:riubu.ubu.es:10259/8090" metadataPrefix="marc">https://riubu.ubu.es/oai/request</request><GetRecord><record><header><identifier>oai:riubu.ubu.es:10259/8090</identifier><datestamp>2023-11-23T01:05:28Z</datestamp><setSpec>com_10259.4_2527</setSpec><setSpec>com_10259_5086</setSpec><setSpec>com_10259_2604</setSpec><setSpec>col_10259.4_2528</setSpec></header><metadata><record xmlns="http://www.loc.gov/MARC21/slim" xmlns:doc="http://www.lyncode.com/xoai" xmlns:xsi="http://www.w3.org/2001/XMLSchema-instance" xmlns:dcterms="http://purl.org/dc/terms/" xsi:schemaLocation="http://www.loc.gov/MARC21/slim http://www.loc.gov/standards/marcxml/schema/MARC21slim.xsd">
<leader>00925njm 22002777a 4500</leader>
<datafield tag="042" ind1=" " ind2=" ">
<subfield code="a">dc</subfield>
</datafield>
<datafield tag="720" ind1=" " ind2=" ">
<subfield code="a">Bolívar, Juan Carlos</subfield>
<subfield code="e">author</subfield>
</datafield>
<datafield tag="720" ind1=" " ind2=" ">
<subfield code="a">Cordero Tejedor, Nicolás A.</subfield>
<subfield code="e">author</subfield>
</datafield>
<datafield tag="720" ind1=" " ind2=" ">
<subfield code="a">Nagy, Ágnes</subfield>
<subfield code="e">author</subfield>
</datafield>
<datafield tag="720" ind1=" " ind2=" ">
<subfield code="a">Romera, Elvira</subfield>
<subfield code="e">author</subfield>
</datafield>
<datafield tag="260" ind1=" " ind2=" ">
<subfield code="c">2018-09</subfield>
</datafield>
<datafield tag="520" ind1=" " ind2=" ">
<subfield code="a">Silicene, as other 2D buckled structures, is a gapped Dirac material with intrinsic spin-orbit coupling whose band structure can be controlled by applying a perpendicular electric field. It presents a topological phase transition from a topological insulator to a band insulator at the charge neutrality point. We present in this article a characterization of this phase transition by using fidelity of Loschmidt echoes when a magnetic and two slightly different electric fields are applied by considering the time evolution of two kinds of wave packets, one with a single Gaussian profile and the other with a double Gaussian profile creating a cat state. We also show that Zitterbewegung, classical, and revival Loschmidt periods diverge close to but not exactly at the charge neutrality point and explain this behavior.</subfield>
</datafield>
<datafield tag="024" ind2=" " ind1="8">
<subfield code="a">0020-7608</subfield>
</datafield>
<datafield tag="024" ind2=" " ind1="8">
<subfield code="a">http://hdl.handle.net/10259/8090</subfield>
</datafield>
<datafield tag="024" ind2=" " ind1="8">
<subfield code="a">10.1002/qua.25674</subfield>
</datafield>
<datafield tag="024" ind2=" " ind1="8">
<subfield code="a">1097-461X</subfield>
</datafield>
<datafield ind1=" " ind2=" " tag="653">
<subfield code="a">Bidimensional materials</subfield>
</datafield>
<datafield ind1=" " ind2=" " tag="653">
<subfield code="a">Dirac equation</subfield>
</datafield>
<datafield ind1=" " ind2=" " tag="653">
<subfield code="a">Silicene</subfield>
</datafield>
<datafield ind1=" " ind2=" " tag="653">
<subfield code="a">Topological phases</subfield>
</datafield>
<datafield tag="245" ind1="0" ind2="0">
<subfield code="a">Fidelity as a marker of topological phase transitions in 2D Dirac materials</subfield>
</datafield>
</record></metadata></record></GetRecord></OAI-PMH>